|
|
|
|
| LEADER |
00000cam a22000007a 4500 |
| 001 |
23896 |
| 003 |
CZ-ZlUTB |
| 005 |
20190825234600.0 |
| 008 |
010518s2001 xr |||||r|||||||||||cze|d |
| 020 |
|
|
|a 8021418257
|q (brož.)
|
| 040 |
|
|
|a ABA001
|b cze
|c ABA001
|d ZLD002
|
| 041 |
0 |
|
|a cze
|b eng
|
| 072 |
|
7 |
|a 539
|x Fyzikální stavba hmoty. Jaderná fyzika. Molekulární fyzika
|2 Konspekt
|9 6
|
| 080 |
|
|
|a (048.3)
|2 v
|
| 080 |
|
|
|a (043.5:042.3)
|2 v
|
| 080 |
|
|
|a 539.2
|2 v
|
| 080 |
|
|
|a 62.002.3
|2 v
|
| 100 |
1 |
|
|a Šob, Mojmír,
|d 1951-
|7 jn20010602778
|4 aut
|
| 245 |
1 |
0 |
|a Kvantově-mechanické výpočty elektronové struktury pevných látek a jejich aplikace v materiálovém výzkumu :
|b inaugurační přednáška k profesorskému jmenovacímu řízení /
|c Mojmír Šob
|
| 260 |
|
|
|a Brno :
|b VUTIUM,
|c 2001
|
| 300 |
|
|
|a 26 s. :
|b il. ;
|c 24 cm
|
| 490 |
1 |
|
|a Vědecké spisy Vysokého učení technického v Brně. Habilitační a inaugurační spisy ;
|v sv. 43
|
| 500 |
|
|
|a Obor Materiálové inženýrství
|
| 546 |
|
|
|a Anglické resumé
|
| 500 |
|
|
|a Nad názvem: Vysoké učení technické v Brně, Fakulta strojního inženýrství
|
| 504 |
|
|
|a Obsahuje bibliografii
|
| 650 |
0 |
7 |
|a fyzika pevných látek
|7 ph117194
|2 czenas
|
| 650 |
0 |
7 |
|a materiálové inženýrství
|7 ph115241
|2 czenas
|
| 650 |
0 |
7 |
|a kvantová mechanika
|7 ph115047
|2 czenas
|
| 655 |
|
7 |
|a teze
|7 fd133701
|2 czenas
|
| 655 |
|
7 |
|a profesorské přednášky
|7 fd187329
|2 czenas
|
| 710 |
2 |
|
|a Vysoké učení technické v Brně.
|b Strojní fakulta
|
| 810 |
2 |
|
|a Vysoké učení technické v Brně.
|t Vědecké spisy.
|p Habilitační a inaugurační spisy
|0 s
|
| 910 |
|
|
|a ZLD002
|
| 952 |
|
|
|0 0
|1 0
|4 0
|6 KŠOBM
|7 0
|8 BOOK
|9 44624
|a UTBZL
|b UTBZL
|c 037
|d 2006-07-29
|l 0
|o K/ŠOB,M.
|p 420010085032
|r 2019-08-25 00:00:00
|v 50.00
|w 2019-08-25
|x N:dar
|y 01
|
| 992 |
|
|
|a BK
|
| 999 |
|
|
|c 23896
|d 23896
|